000 00341nam a2200157Ia 4500
005 20250425161116.0
008 250425s9999 xx 000 0 und d
041 _aspa
082 _aIBM4381
245 0 _aFESTIVALES EN AUSTRIA
250 _aS.E.
260 _aS.L.
260 _aSin Pais
_bS.E.
_c1978
942 _c01
010 _a12858
999 _c202590
_d202590